Teoría de encuestas por muestreo con aplicaciones / (Record no. 148883)

MARC details
000 -LEADER
campo de control de longitud fija 00800nam a2200229 4500
001 - NÚMERO DE CONTROL
campo de control 148883
003 - IDENTIFICADOR DE NÚMERO DE CONTROL
campo de control ES-MaACL
007 - CAMPO FIJO DE DESCRIPCIÓN FÍSICA--INFORMACIÓN GENERAL
campo de control de longitud fija t|
008 - DATOS DE LONGITUD FIJA--INFORMACIÓN GENERAL
campo de control de longitud fija 070214s1962 mx r ||||1| spa d
100 1# - ENTRADA PRINCIPAL--NOMBRE DE PERSONA
Nombre de persona Sukhstme, Pandurang V.
9 (RLIN) 108745
245 10 - MENCIÓN DEL TÍTULO
Título Teoría de encuestas por muestreo con aplicaciones /
Mención de responsabilidad, etc. Pandurang V. Sukhstme ; traducción... de Ana María Flores y José Nieto Pascual.
250 ## - MENCION DE EDICION
Mención de edición [2ª ed.].
260 ## - PUBLICACIÓN, DISTRIBUCIÓN, ETC.
Lugar de publicación, distribución, etc. México [etc.] :
Nombre del editor, distribuidor, etc. Fondo de Cultura Económica,
Fecha de publicación, distribución, etc. [1962] (
Fabricante Litoarte)
300 ## - DESCRIPCIÓN FÍSICA
Extensión XXXI, 496 p. ;
Dimensiones 24 cm.
490 1# - MENCIÓN DE SERIE
Mención de serie Sección Obras de Economía
700 1# - ENTRADA AGREGADA--NOMBRE PERSONAL
Nombre de persona Flores, Ana María.
9 (RLIN) 51250
700 1# - ENTRADA AGREGADA--NOMBRE PERSONAL
Nombre de persona Nieto Pascual, José.
9 (RLIN) 85706
830 0# - PUNTO DE ACCESO ADICIONAL DE SERIE-TÍTULO UNIFORME
Título uniforme Sección de obras de economía
9 (RLIN) 179924
852 ## - LOCALIZACIÓN
Ubicación ES-MaACL
Número de control de estantería E-6998
Sublocalización o colección R.91337
942 ## - ELEMENTOS DE ENTRADA SECUNDARIOS (KOHA)
Fuente del sistema de clasificación o colocación Clasificación decimal universal
Holdings
Estatus retirado Estado de pérdida Estado de daño No para préstamo Biblioteca de origen Biblioteca actual Ubicación en estantería Fecha de adquisición Fuente de adquisición Total de préstamos Signatura topográfica completa Código de barras Visto por última vez Precio de reemplazo Tipo de ítem Koha
        Biblioteca del Ateneo de Madrid Biblioteca del Ateneo de Madrid Depósito 2 17/01/2008     E-6998 1155367 23/02/2023 23/02/2023 Libro impreso